000 00762nam a2200193Ia 4500
003 GCL
008 140319s9999 xx 000 0 ara d
040 _aGCL /
_cGCL
082 0 4 _a920.71
_bم أ
100 1 _aمحمد بهجة الاثرى
245 1 0 _aاعلام العراق :
_bيتضمن سيرة الإمام الألوسى الكبير وتراجم نوابغ الألوسيين وتآبين العلماء والأدباء /
_cمحمد بهجة الاثرى
250 _aالثانية
260 _aبيروت :
_bالدار العربية للموسوعات ،
_c2002
300 _a275 ص ؛
_c24 سم
650 0 4 _aالرجال - تراجم
650 0 4 _aالعلماء - تراجم
650 0 4 _aالادباء - تراجم
942 _2ddc
_cBK
999 _c9416
_d9416